000 00772nam a22001937a 4500
003 0
005 20250115142629.0
008 160116b xxu||||| |||| 00| 0 eng d
050 _aPHS LB 3609
_b.J33 2015
100 _aJang, YaeJoon
245 _aLiving arrangement and classroom behavior of grade 10 and grade 11 Korean students of Southville International School and Colleges
_cJang, YaeJoon
260 _aLas PiƱas, Philippines :
_bSouthville International School and Colleges,
_c2015.
300 _aiii, 21 p. :
_bill. ;
_c28 cm.
504 _aIncludes bibliographical references.
650 _aLiving arrangements
_vSocial aspects.
650 _aHigh school students
_vBehavior.
650 _aKorean students
_vEducation
_xPsychological aspects.
942 _2lcc
_cPASS
999 _c290408
_d290408